Puebla (Record no. 175638)

MARC details
000 -LEADER
campo de control de longitud fija 00938nam a2200241 i 4500
001 - NÚMERO DE CONTROL
campo de control 175638
003 - IDENTIFICADOR DE NÚMERO DE CONTROL
campo de control ES-MaACL
005 - FECHA Y HORA DE LA ÚLTIMA TRANSACCIÓN
campo de control 20250830025154.0
007 - CAMPO FIJO DE DESCRIPCIÓN FÍSICA--INFORMACIÓN GENERAL
campo de control de longitud fija t|
008 - DATOS DE LONGITUD FIJA--INFORMACIÓN GENERAL
campo de control de longitud fija 101112s1979 sp r ||||1| spa d
020 ## - NÚMERO INTERNACIONAL ESTÁNDAR DEL LIBRO
Número Internacional Estándar del Libro 84-220-0917-X
080 ## - NÚMERO DE LA CLASIFICACIÓN DECIMAL UNIVERSAL
Número de la Clasificación Decimal Universal 2-475:061.3(724.7)
111 2# - ENTRADA PRINCIPAL--NOMBRE DE CONGRESO/REUNIÓN
Nombre de congreso/reunión o jurisdicción como elemento de entrada Conferencia General del Episcopado Latinoamericano
Número del congreso/reunión o número de parte o sección (3ª.
Fecha del congreso o de la firma del tratado 1979.
Sede del congreso/Lugar de la reunión Puebla, México)
9 (RLIN) 143914
245 10 - MENCIÓN DEL TÍTULO
Título Puebla
Resto del título : la evangelización en el presente y en el futuro de América Latina /
Mención de responsabilidad, etc. III Conferencia General del Episcopado Latinoamericano.
260 ## - PUBLICACIÓN, DISTRIBUCIÓN, ETC.
Lugar de publicación, distribución, etc. Madrid :
Nombre del editor, distribuidor, etc. EDICA,
Fecha de publicación, distribución, etc. 1979.
300 ## - DESCRIPCIÓN FÍSICA
Extensión XIX, 411p. ;
Dimensiones 18 cm.
490 1# - MENCIÓN DE SERIE
Mención de serie Biblioteca de autores cristianos. Serie Minor ;
Designación de volumen o secuencia 55
500 ## - NOTA GENERAL
Nota general Índice.
650 04 - PUNTO DE ACCESO ADICIONAL DE MATERIA--TÉRMINO DE MATERIA
Término de materia o nombre geográfico como elemento de entrada Evangelización-
Subdivisión geográfica América Latina-
Subdivisión de forma Congresos y asambleas.
9 (RLIN) 143915
830 00 - PUNTO DE ACCESO ADICIONAL DE SERIE-TÍTULO UNIFORME
Título uniforme Biblioteca de autores cristianos.
Nombre de parte o sección de la obra Minor
Designación de volumen o secuencia 55
9 (RLIN) 189814
852 ## - LOCALIZACIÓN
Ubicación ES-MaACL
Número de control de estantería E-13515
Encuadernación Olim P-1255
Holdings
Estatus retirado Estado de pérdida Estado de daño No para préstamo Biblioteca de origen Biblioteca actual Ubicación en estantería Fecha de adquisición Fuente de adquisición Total de préstamos Signatura topográfica completa Código de barras Visto por última vez Precio de reemplazo Tipo de ítem Koha
        Biblioteca del Ateneo de Madrid Biblioteca del Ateneo de Madrid Depósito 2 12/11/2010     E-13515 1184432 23/02/2023 23/02/2023 Libro impreso